000 00839nam a2200205 a 4500
003 0
005 20250226092334.0
008 101013s19uu xx 00 eng d
050 _aPHS GT 615
_b.M14 2010
100 _aMcDonald, Samantha Anne R.
245 _aThe transformation of Western fashion from post-world war II to the present /
_cSamantha Anne R. McDonald.
260 _aLas PiƱas City, Philippines :
_bSouthville International School and Colleges,
_c2010.
300 _a30 pages :
_bcolored illustrations ;
_c30 cm.
504 _aIncludes bibliographical references.
650 _aClothing and dress
_xSocial aspects
_vWestern countries.
650 _aFashion
_xWestern countries
_vHistory
_y20th century.
650 _aFashion
_xWestern countries
_vHistory
_y21st century.
650 _aHaute couture
_xHistory.
942 _2lcc
_cPASS
999 _c98433
_d98433